| 000 | 00494nmm a2200169Ia 4500 | ||
|---|---|---|---|
| 008 | 251105s9999||||xx |||||||||||||||||und|| | ||
| 020 | _a9788490278109 | ||
| 041 | _abaq | ||
| 100 | _aMendiguren Elizegi, Xabier | ||
| 245 | 0 | _aZu entzuteko gaude | |
| 264 |
_a[Madrid, España] : _bElkar, _c[Fecha de publicación no identificada] |
||
| 300 | _a108 páginas | ||
| 490 | _aLiteratura | ||
| 650 | _aSpanish narrative | ||
| 856 | _uhttps://public.digitaliapublishing.com/a/97001 | ||
| 942 | _cCF | ||
| 999 |
_c87547 _d87547 |
||